| 000 | 00474nam a2200181Ia 4500 | ||
|---|---|---|---|
| 005 | 20250423094954.0 | ||
| 008 | 250422s9999 xx 000 0 und d | ||
| 020 | _a9788176484176 | ||
| 050 | _aHV 6773 .B36/ | ||
| 100 | _aBansal S.K | ||
| 245 | 0 | _aCyber crime | |
| 260 | _aNew Delhi | ||
| 260 | _bAPH Publishing corporation | ||
| 260 | _c2017 | ||
| 300 | _a341 p | ||
| 650 | _aComputer crimes--Juvenile literature. Cyberterrorism--Juvenile literature. | ||
| 942 | _cBK | ||
| 999 |
_c28849 _d28849 |
||